00462nam a22001697a 450000500170000000800410001702000180005802200150007604100120009108200120010310000120011524500570012725000190018426000330020330000310023665000250026720240924084439.0240924b |||||||| |||| 00| 0 eng d a9780639002491 a0409004480 aEnglish a349 JOU lEnglish aThe Law of South Africa / cWA Joubert and JA Faris  aThird Edition  aDurban: bLexisNexis, c2019 bviii, 628 pages; c26 cm.  aLegal practice bLaw